Military thinking of Anient India (Record no. 19445)

MARC details
000 -LEADER
fixed length control field 00461nam a2200169Ia 4500
008 - FIXED-LENGTH DATA ELEMENTS--GENERAL INFORMATION
fixed length control field 230917s9999||||xx |||||||||||||| ||und||
020 ## - ISBN
Price RS995
040 ## - CATALOGING SOURCE
-- 235182
Original cataloging agency VIVEKANANDA LIBRARY
041 ## - Language
-- English
082 ## - DDC NUMBER
Classification number 355.00954 A42M
100 ## - MAIN ENTRY--PERSONAL NAME
Personal name Adhikari, Shekhar
245 #0 - TITLE STATEMENT
Title Military thinking of Anient India
260 ## - PUBLICATION, DISTRIBUTION, ETC. (IMPRINT)
Place of publication, distribution, etc New Delhi
Name of publisher, distributor, etc Pentagon Press
Date of publication, distribution, etc 2016
300 ## - PHYSICAL DESCRIPTION
Pages xv, 296 p.
500 ## - GENERAL NOTE
General note 2409 13/10/2016 APD16/1041615 19/10/2016 Main Budget
942 ## - ADDED ENTRY ELEMENTS (KOHA)
Koha item type Books
Holdings
Withdrawn status Lost status Damaged status Not for loan Location (home branch) Sublocation or collection (holding branch) Date acquired Koha issues (times borrowed) Koha full call number Accession No. Koha date last seen Koha item type
        VIVEKANANDA LIBRARY VIVEKANANDA LIBRARY 13/12/2016   355.00954 A42M 359044 17/09/2023 Books
        VIVEKANANDA LIBRARY VIVEKANANDA LIBRARY 13/12/2016   355.00954 A42M 359045 17/09/2023 Books
© Designed and Maintained by Vivekananda Library, MDU Rohtak